| Tag |
First Indicator |
Second Indicator |
Subfields |
| LEADER |
00000cam a2200000 i 4500 |
| 001 |
in00004790657 |
| 008 |
231028t20242024riua b 001 0 eng |
| 005 |
20240517151404.5 |
| 010 |
|
|
|a 2023044735
|
| 035 |
|
|
|a (OCoLC)on1407282955
|
| 040 |
|
|
|a DLC
|e rda
|c DLC
|
| 020 |
|
|
|a 9781470474690
|q paperback
|
| 020 |
|
|
|a 1470474697
|q paperback
|
| 020 |
|
|
|z 9781470476212
|q electronic book
|
| 035 |
|
|
|a (OCoLC)1407282955
|
| 041 |
0 |
|
|a eng
|
| 050 |
0 |
0 |
|a QA174.2
|b .K34 2024
|
| 082 |
0 |
0 |
|a 652/.8015122
|2 23/eng20231103
|
| 100 |
1 |
|
|a Kahrobaei, Delaram,
|d 1975-
|e author.
|
| 245 |
1 |
0 |
|a Applications of group theory in cryptography :
|b post-quantum group-based cryptography /
|c Delaram Kahrobaei, Ramón Flores, Marialaura Noce, Maggie E. Habeeb, Christopher Battarbee.
|
| 264 |
|
1 |
|a Providence, Rhode Island :
|b American Mathematical Society,
|c [2024].
|
| 264 |
|
4 |
|c ©2024.
|
| 300 |
|
|
|a xvii, 141 pages :
|b illustrations ;
|c 26 cm.
|
| 336 |
|
|
|a text
|b txt
|2 rdacontent
|
| 337 |
|
|
|a unmediated
|b n
|2 rdamedia
|
| 338 |
|
|
|a volume
|b nc
|2 rdacarrier
|
| 490 |
1 |
|
|a Mathematical surveys and monographs ;
|v volume 278
|
| 504 |
|
|
|a Includes bibliographical references (pages 129-138) and index.
|
| 505 |
0 |
|
|a Group theory -- Algorithmic problems in group theory -- Classical cryptography -- Non-commutative cryptographic protocols -- Attacks -- Quantum cryptanalysis -- Braid groups -- Hyperbolic groups -- Small cancellation groups -- Polycyclic groups -- Graph groups -- Arithmetic groups -- Engel groups -- Self-similar groups.
|
| 520 |
|
|
|a This book is intended as a comprehensive treatment of group-based cryptography accessible to both mathematicians and computer scientists, with emphasis on the most recent developments in the area. To make it accessible to a broad range of readers, the authors started with a treatment of elementary topics in group theory, combinatorics and complexity theory, as well as providing an overview of classical public-key cryptography. Then some algorithmic problems arising in group theory are presented and cryptosystems based on these problems and their respective cryptanalyses are described. the book also provides an introduction to ideas in quantum crypanalyses, especially with respect to the goal of post-quantum group-based cryptography as a candidate for quantum-resistant cryptography. The final part of the book provides a description of various classes of groups and their suitability as platforms for group-based cryptography.
|
| 650 |
|
0 |
|a Group theory.
|
| 650 |
|
0 |
|a Cryptography.
|
| 700 |
1 |
|
|a Flores, Ramón,
|d 1975-
|e author.
|
| 700 |
1 |
|
|a Noce, Marialaura,
|d 1992-
|e author.
|
| 700 |
1 |
|
|a Habeeb, Maggie E.,
|d 1983-
|e author.
|
| 700 |
1 |
|
|a Battarbee, Christopher,
|d 1998-
|e author.
|
| 830 |
|
0 |
|a Mathematical surveys and monographs ;
|v no. 278.
|
| 948 |
|
|
|a dmitchel 5/17/24 10.10.10
|
| 994 |
|
|
|a Z0
|b TXA
|
| 999 |
f |
f |
|s 4b4578a6-aa63-4c19-b380-8f5384c30a17
|i 46e1f273-c67e-4587-a941-0b352afe7e09
|t 0
|
| 952 |
f |
f |
|p normal
|a Texas A&M University
|b College Station
|c Sterling C. Evans Library
|d Evans: Library Stacks
|t 0
|e QA174.2 .K34 2024
|h Library of Congress classification
|i unmediated -- volume
|m A14852168203
|
| 998 |
f |
f |
|a QA174.2 .K34 2024
|t 0
|l Evans: Library Stacks
|